000
00299nam a22001337a 4500
008
171002b xxu||||| |||| 00| 0 eng d
020
_a
9780312451653
041
_a
eng
080
_a
37
100
_a
47
101
_a
EDU
245
_a
FROM INQUIRY TO ACADEMIC WRITING
_c
GREENE,S
942
_2
udc
_c
BK
999
_c
31142
_d
31142